000 00210nam a22000857a 4500
008 160718b xxu||||| |||| 00| 0 eng d
100 _93021
_a Smith, J
245 _aSchool Grammer
260 _aNew Delhi
_bAllied
_c2001
999 _c2584
_d2584